| 000 | 00457pab a2200145 454500 | ||
|---|---|---|---|
| 008 | 180718b xxu||||| |||| 00| 0 eng d | ||
| 100 | _aGuha Sumit | ||
| 245 | _aLabour-exploitation ratio as a measure of peasant differentiation : its fundamental policy | ||
| 362 | _a28(34) 21 Aug 93, p.1721-723 | ||
| 650 | _a Agriculture and Technology | ||
| 650 | _a Peasants Uprising | ||
| 650 | _aLand Tenure | ||
| 773 | _aEconomic and Political Weekly | ||
| 909 | _a24984 | ||
| 999 |
_c24984 _d24984 |
||